Les 10 villes d'Allemagne les plus peuplées commençant par I - Statistiques

Statistiques générales
  • Ce quiz a été pris 9 fois
  • Le résultat moyen est 3 sur 10
Statistiques - réponses
# Ville Population % Correct
2 Iéna 110.791
100%
1 Ingolstadt 139.536
88%
3 Iserlohn 91.884
25%
4 Ibbenbüren 51.807
13%
8 Idar-Oberstein 29.158
13%
7 Itzehoe 32.411
13%
9 Idstein 25.865
0%
5 Ilmenau 39.147
0%
6 Ingelheim am Rhein 36.390
0%
10 Isernhagen 24.160
0%
Aucun quiz correspondant
Distribution des résultats
% des personnes avec chaque résultat
Percentile par nombre de réponses
Votre historique - résultats
Vous n’avez pas pris ce quiz